مكتبة جامعة عجلون الوطنية

فهرس بحث المكتبة

Normal view MARC view
  • Language - Literature

Entry Topical Term

Number of records used in: 1

001 - CONTROL NUMBER

  • control field: 5793

003 - CONTROL NUMBER IDENTIFIER

  • control field: JO-AjAnu

005 - DATE AND TIME OF LATEST TRANSACTION

  • control field: 20230606071236.0

008 - FIXED-LENGTH DATA ELEMENTS

  • fixed length control field: 230606|| aca||aabn | a|a d

040 ## - CATALOGING SOURCE

  • Original cataloging agency: JO-AjAnu
  • Transcribing agency: JO-AjAnu

150 ## - HEADING--TOPICAL TERM

  • Topical term or geographic name entry element: Language - Literature

670 ## - SOURCE DATA FOUND

  • Source citation: Work cat.: (JO-AjAnu)3002: Preparation AL-Khashashneh, Suha, Aisha AL -Subeh, Tamara Shraideh, P Supervisor Mahmoud AL Sobh, Co Supervisor Samer AL-Zoubi, author 5792, The Effect of Word Pesentation Modes On EFL Vocabulary Learning